Obálka Náhled e-knihy:
PDF Epub
Pro půjčování e-knih musíte být přihlášeni.
Jak si půjčit online?

Za Kačku /

Cestovatelka Kateřina Ostrá navštívila desítky zemí - vždy s minimálním rozpočtem, zato ovšem s maximálními zážitky. Teď se o své know-how podělí i s dalšími zvídavými turisty. Chcete vědět, jak se dá levně cestovat, a přitom poznat celý svět? Musíme vás varovat - po přečtení této knihy už nebude na...

Celý popis

Uloženo v:
Hlavní autor: Ostrá, Kateřina (Autor)
Médium: E-kniha
Jazyk:Czech
Vydáno: Praha : Albatros Media a.s., 2020
Tagy:
Žádné tagy
LEADER 01527nam a22002297i 4500
001 311226
007 ta
008 260601s2020 xr ||||| |||| 00| 0 cze d
020 |a 9788075977250 
044 |a xr 
100 1 |a  Ostrá, Kateřina  |4 aut 
245 1 0 |a Za Kačku /  |c  Ostrá, Kateřina 
264 1 |a Praha :  |b Albatros Media a.s.,  |c 2020 
300 |a 1 online zdroj (264 stran) 
336 |a text  |b txt  |2 rdacontent 
337 |a bez média  |b n  |2 rdamedia 
338 |a online zdroj  |b cr  |2 rdacarrier 
520 2 |a Cestovatelka Kateřina Ostrá navštívila desítky zemí - vždy s minimálním rozpočtem, zato ovšem s maximálními zážitky. Teď se o své know-how podělí i s dalšími zvídavými turisty. Chcete vědět, jak se dá levně cestovat, a přitom poznat celý svět? Musíme vás varovat - po přečtení této knihy už nebude na žádné výmluvy prostor. Cestovat totiž může každý, stačí se řídit Katčinými tipy. Ve svém cestovatelském debutu vás zavede třeba na Island, řecké souostroví Santorini, na Kostariku či do marocké Marrakéše. 
910 |a RBIT002 
998 |d 208487  |a https://core.palmknihy.cz/api/books/208487/cover?si6599  |b https://core.palmknihy.cz/api/books/208487/cover/400?si6599  |c https://core.palmknihy.cz/api/books/208487/cover/50?si6599  |e 2030-12-31  |g 264  |i 9788075977250  |j https://core.palmknihy.cz/api/books/208487/preview.epub  |k https://core.palmknihy.cz/api/books/208487/preview.pdf  |l   |q 49  |r 1  |s https://www.palmknihy.cz/kniha/208487  |t ebook  |y 2020  |z 1 
999 |d 311224